00931nam a2200205 a 450000100100000000500170001000800410002702000180006804000250008608200110011110000330012224501030015526000580025830000210031659000260033795201210036395201090048495201150059399900170070800004863620201002061306.0190404s2015 000 spa d a9789945445138 aDO-SdBNPbspacBNPHU axxbxx1 aPozo Cuesta, Féllix97608210aManual de gestión asociaciones sin fines de lucro República Dominicana /cFélix Pozo Cuesta. aSanto Domingo :bLibros Editores e Impresores,c2015. a144 p. ;c25 cm. aInventariado, 2019/VM 001054708MOaGRbGRcHDd2019-04-04iLF1l0oxx xxp48636-30r2020-06-25te. 3w2020-06-25y4ZPréstamo en sala 001050718MOaPDbPDcHDd2019-04-04iLF1l0oxx xxp48636-10r2020-06-25w2020-06-25y1ZNo se presta 001050718MOaPDbPDcHDd2019-04-04iLF1l0oxx xxp48636-20r2020-06-25te. 2w2020-06-25y1ZNo se presta c48124d48124